Datum a čas kvízu
29
Celkem bodů
Celkový počet nahraných bodů na tomto kvízu bez doplňovacích otázek.
9.
Pořadí na kvízu
Konečné umístění týmu na tomto kvízu.
Zaznamenané odpovědi
| # | Otázka | Odpověď | Body | Výsledky |
|---|---|---|---|---|
| 1. | V pondělí se český premiér ,,j... | Adam Vojtěch | 1 | |
| 2. | Vláda jisté země dala ve čtvrt... | Francisco Franco | 1 | |
| 3. | Naše nejvýznamnější šansoniérk... | 88. narozeniny | 0 | |
| 4. | Před měsícem vzbudila rozruch... | 0 | ||
| 5. | Vladimír Růžička se po půl roc... | Hradec Králové | 0 | |
| 6. | Druhý díl naší cesty kolem svě... | Myanmar (Barma) | 0 | |
| 7. | Pokračujeme dále do jihovýchod... | Malajsie | 0 | |
| 8. | Další dvě otázky budou patřit... | Medvídek Pú | 1 | |
| 9. | V severní Číně a jižním Mongol... | Gobi | 1 | |
| 10. | Dnešní putování zakončíme v Mo... | z kobylího mléka | 0 |